000 00562cam a22002053a 4500
001 40456
003 PGUSA
005 20140828083914.0
008 120808s2012||||xxu|||||s|||||000 | eng d
040 _aPGUSA
_beng
042 _adc
100 1 _aReclus, Elisée,
_d1830-1905
245 1 0 _aL'anarchie
_h[electronic resource] /
_cElisée Reclus
260 _bProject Gutenberg,
_c2012
506 _aPublic domain in the USA.
516 _aElectronic text
830 0 _aProject Gutenberg
_v40456
856 4 0 _uhttp://www.gutenberg.org/ebooks/40456
942 _cEB
999 _c269709
_d269709